000 01453cam a2200361 a 4500
001 1816
003 FISKH
005 20231102150028.0
008 070208s2007 nyua j b 001 0 eng
010 _a 2007005863
020 _a9780531185315 (lib. bdg.)
020 _a0531185311 (lib. bdg.)
020 _a9780531187845 (pbk.)
020 _a0531187845 (pbk.)
040 _aDLC
_cDLC
_dDLC
_beng
050 0 0 _aQA40.5
_bW4456 2008
082 0 0 _a510
_222
100 1 _aWeiss, Ellen,
_d1949-
245 1 0 _aMath in the kitchen /
_cby Ellen Weiss.
260 _aNew York :
_bScholastic ,
_c2008.
300 _a24 pages :
_bcolor illustrations ;
_c21 cm.
490 0 _aScholastic news nonfiction readers
505 0 _aH
520 _aLook around - math is everywhere! Using familiar settings, this series teaches kids how to add and subtract, while also reinforcing number recognition. Young readers will discover how important math is to their everyday activities
521 0 _a480
_bLexile
521 0 _aH
_bRaz-Plus
650 0 _aMathematics
_vJuvenile literature.
650 0 _aCooking
_vJuvenile literature.
856 4 1 _3Table of contents only
_uhttp://www.loc.gov/catdir/toc/ecip0710/2007005863.html
906 _a7
_bcbc
_corignew
_d1
_eecip
_f20
_gy-gencatlg
942 _2ddc
_cBK
_n0
999 _c1816
_d1816